000 00312nam a22001457a 4500
008 231012b ||||| |||| 00| 0 eng d
020 _a0812691180
041 _aeng
080 _a521
082 _a521DRE
100 _a19
101 _aASTRO
245 _aBEYOND THE BIG BANG
_cDREES .B.W
942 _2udc
_cBK
999 _c60437
_d60437